000 00556nam a22002057a 4500
003 BD-DhUIB
005 20210508113642.0
008 210321b ||||| |||| 00| 0 eng d
020 _a9780071259149
040 _cBD-DhUIB
_dBD-DhUIB
082 _222
_a658.4092 B275l
100 _aBarrett, Deborah J.
_9139
245 _aLeadership Communication /
_cby Deborah J. Barrett.
250 _a2nd ed.
260 _aBoston :
_cc2008.
_bMc- Grawhill,
300 _axvi, 395p. :
_billas.;
_c25 cm.
526 _aBBA.
650 _aLeadership.
_9316
942 _2ddc
_cBK
999 _c74
_d74